The Lake Victor story /

Bibliographic Details
Main Author: Shelby, Maurice C.
Format: Book
Language:English
Published: [Place of publication not identified] : [publisher not identified], 1971, 1972 printing.
Subjects:

MARC

Tag First Indicator Second Indicator Subfields
LEADER 00000cam a2200000 i 4500
001 in00000048532
005 20190207093417.0
008 791030s1971 xx ac 00010 eng d
035 |a (OCoLC)05626551 
035 |9 AAE9848AM 
040 |a IEA  |c IEA  |d TXA  |d UtOrBLW 
043 |a n-us-tx 
049 |a TXAS  |c [1700202] 
090 |a F394.L33  |b S443 1972 
100 1 |a Shelby, Maurice C. 
245 1 4 |a The Lake Victor story /  |c by Maurice C. Shelby. 
264 1 |a [Place of publication not identified] :  |b [publisher not identified],  |c 1971, 1972 printing. 
300 |a 208 pages :  |b illustrations, portraits ;  |c 23 cm. 
336 |a text  |b txt  |2 rdacontent 
337 |a unmediated  |b n  |2 rdamedia 
338 |a volume  |b nc  |2 rdacarrier 
500 |a The Cushing Library/Chapman Texas Collection copy is part of the Floyd & Louise Chapman Texas & Borderlands Collection.  |5 TXA 
651 0 |a Victor, Lake, Tex.  |x History. 
999 |a MARS 
999 f f |s 559d98ed-4650-316e-9f01-1bbb22ce198e  |i 76de6310-2a70-3399-82ec-7b416c1733f4  |t 0 
952 f f |p noncirc  |a Texas A&M University  |b College Station  |c Cushing Memorial Library & Archives  |d Cushing: Chapman Texas Collection (Does not check out)  |t 0  |e F394.L33 S443 1972  |h Library of Congress classification  |i unmediated -- volume  |m A14800337056 
998 f f |a F394.L33 S443 1972  |t 0  |l Cushing: Chapman Texas Collection (Does not check out)